Państwa leżące nad Morzem Kaspijskim - Statystyki

Ogólne statystyki
  • Ten quiz został rozwiązany 410 razy
  • Średni wynik to 4 z 5
Statystyki odpowiedzi
Państwo % Poprawnych
Rosja
96%
Kazachstan
89%
Azerbejdżan
85%
Iran
78%
Turkmenistan
77%
Nie znaleziono quizów pasujących do podanych kryteriów
Rozkład punktacji
Procent ludzi z każdym wynikiem
Percentyl według liczby udzielonych odpowiedzi
Twoja historia wyników
Nie rozwiązałeś tego quizu